Space research today

Guardat en:
Dades bibliogràfiques
Format: Llibre
Idioma:Undetermined
Publicat: Oxford Elsevier Science 2018
Matèries:
Etiquetes: Afegir etiqueta
Sense etiquetes, Sigues el primer a etiquetar aquest registre!
Thư viện lưu trữ: Trung tâm Học liệu Trường Đại học Cần Thơ
LEADER 00472nam a2200157Ia 4500
001 CTU_235317
008 210402s9999 xx 000 0 und d
082 |a 523 
082 |b S732 
245 0 |a Space research today 
245 0 |c International Council of Scientific Unions. Committee on Space Research 
260 |a Oxford 
260 |b Elsevier Science 
260 |c 2018 
650 |a Phi hành gia,Astronautics 
980 |a Trung tâm Học liệu Trường Đại học Cần Thơ